Statistiques concernant Pays les plus proches de la Gambie

Cliquez ici pour prendre le quiz!

Statistiques générales

  • Ce quiz a été pris 121 fois
  • Le résultat moyen est 17 sur 20

Statistiques - réponses

kmpays% Correct
0Sénégal
99%
1584Algérie
95%
74Guinée
95%
189Mali
95%
1357Maroc
95%
214Mauritanie
95%
1505Togo
95%
1221Ghana
92%
1511Niger
92%
700Cabo Verde
90%
721Côte d'Ivoire
90%
1615Bénin
88%
940Burkina Faso
88%
665Liberia
88%
1868Nigeria
88%
61Guinée-Bissau
86%
413Sierra Leone
85%
1548Espagne
55%
2099Portugal
52%
799Sahara occidental
32%

Distribution des résultats

Percentile par nombre de réponses

% des personnes avec chaque résultat

Votre développement - résultats

Vous n’avez pas pris ce quiz